| 000 | 00701nam a22002417a 4500 | ||
|---|---|---|---|
| 003 | OSt | ||
| 005 | 20140310182445.0 | ||
| 008 | 130311t xxu||||| |||| 00| 0 eng d | ||
| 020 | _a9715060552 | ||
| 050 |
_aQD 415 _b.B523 2006, 2007 |
||
| 100 |
_ade Castro-Bernas, Gloria. _97666 |
||
| 245 |
_aBasic laboratory studies in biochemistry / _cGloria de Castro-Bernas, Mafel C Ysrael, Alicia T. Bernaldez |
||
| 250 | _a3rd ed. | ||
| 260 |
_aManila: _bUST Print. Office. _cc2006, c2007. |
||
| 300 |
_a181 p. _bill. ; _c27 cm. |
||
| 650 |
_aBiochemistry. _97667 |
||
| 942 |
_2lcc _cSSLC |
||
| 999 |
_c13581 _d13581 |
||